Mechanical Vibrations (Record no. 5090)

MARC details
000 -LEADER
fixed length control field 00305nam a2200133Ia 4500
008 - FIXED-LENGTH DATA ELEMENTS--GENERAL INFORMATION
fixed length control field 191201s2009 xx 000 0 und d
100 ## - MAIN ENTRY--PERSONAL NAME
Personal name GROVER,G.K
245 #0 - TITLE STATEMENT
Title Mechanical Vibrations
250 ## - EDITION STATEMENT
Edition statement 8TH
260 ## - PUBLICATION, DISTRIBUTION, ETC. (IMPRINT)
Place of publication, distribution, etc N. Delhi
Name of publisher, distributor, etc Nem Chand
Date of publication, distribution, etc 2009
300 ## - PHYSICAL DESCRIPTION
Extent 436
650 ## - SUBJECT ADDED ENTRY--TOPICAL TERM
Topical term or geographic name as entry element M.Tech (ME)
942 ## - ADDED ENTRY ELEMENTS (KOHA)
Source of classification or shelving scheme Dewey Decimal Classification
Koha item type Text Books
Holdings
Withdrawn status Lost status Source of classification or shelving scheme Damaged status Not for loan Collection code Home library Current library Date acquired Source of acquisition Cost, normal purchase price Bill Number Total Checkouts Full call number Acc. no. / Barcode Date last seen Date last borrowed Bill Date Koha item type
    Dewey Decimal Classification     B.Tech(ME) PIET C-LIBRARY PIET C-LIBRARY 26/11/2011 Valley Book House 175.00 259 2 620.3 GRM 18607 26/12/2025 28/11/2025 19/11/2011 Text Books
    Dewey Decimal Classification     B.Tech(ME) PIET C-LIBRARY PIET C-LIBRARY 26/11/2011 Valley Book House 175.00 259 1 620.3 GRM 18608 06/01/2023 05/01/2023 19/11/2011 Text Books
    Dewey Decimal Classification     B.Tech(ME) PIET C-LIBRARY PIET C-LIBRARY 26/11/2011 Valley Book House 175.00 259 3 620.3 GRM 18609 29/12/2021 22/12/2021 19/11/2011 Text Books
    Dewey Decimal Classification     B.Tech(ME) PIET C-LIBRARY PIET C-LIBRARY 26/11/2011 Valley Book House 175.00 259   620.3 GRM 18610 04/12/2019   19/11/2011 Text Books
    Dewey Decimal Classification     B.Tech(ME) PIET C-LIBRARY PIET C-LIBRARY 26/11/2011 Valley Book House 175.00 259   620.3 GRM 18611 04/12/2019   19/11/2011 Text Books

Design & Developed by: PIET Central Library
R70 Miles Stone Pattikalyana Samalkha Panipat 132102
mail ID :- [email protected], Phone No:- 0180-2569700 Ex.216